000 00605nam a22002177a 4500
003 UA-OsUOA
001 44842
007 ta
008 20070315b un ||||| |||| 00| 0 ukr d
100 _aКарпець О.
090 _a316
_bК-11
942 _cSA
040 _aUA-OsUOA
_bukr
_cUA-OsUOA
_dUA-OsUOA
245 _a"Інший" Макс Вебер. "Протестанська етика і дух капіталізму": похорон міфів
300 _aС.7
955 _a0
041 _aukr
080 _a316
773 0 _w44841
650 7 _a316 Соціологія
_2UDC
999 _c330963
_d330963